Monarchies of the World - Statistics

General Stats
  • This quiz has been taken 64 times
  • The average score is 31 of 43
Answer Stats
monarchy % Correct
United Kingdom / Great Britain
98%
Belgium
91%
Norway
91%
Spain
91%
Sweden
91%
Japan
89%
the Netherlands
89%
Denmark
86%
Saudi Arabia
86%
Qaṭar
84%
Luxembourg
82%
Andorra
80%
Bahrain
80%
Australia
79%
Oman
79%
Liechtenstein
77%
Monaco
77%
United Arab Emirates
77%
Canada
75%
Thailand
75%
Brunei
71%
Jordan
71%
Kuwait
71%
Morocco
71%
Swaziland
71%
New Zealand
70%
Tonga
70%
Bhutan
66%
Cambodia
66%
Saint Kitts and Nevis
66%
Saint Lucia
66%
Vatican City
66%
Lesotho
64%
Saint Vincent and the Grenadines
64%
Antigua and Barbuda
61%
the Bahamas
61%
Jamaica
59%
Grenada
55%
Malaysia
55%
Tuvalu
55%
Belize
50%
Papua New Guinea
50%
Solomon Islands
38%
No matching quizzes found
Score Distribution
Percent of People with Each Score
Percentile by Number Answered
Your Score History
You have not taken this quiz